<?xml version="1.0" encoding="UTF-8"?>
<marc:record xmlns:marc="http://www.loc.gov/MARC21/slim">
   <marc:leader>00000nam a2200000 a 4500</marc:leader>
   <marc:datafield ind1="1" ind2=" " tag="100">
      <marc:subfield code="a">Klaus, Händl</marc:subfield>
      <marc:subfield code="4">aut</marc:subfield>
      <marc:subfield code="e">Verfasser/-in</marc:subfield>
   </marc:datafield>
   <marc:datafield ind1=" " ind2=" " tag="653">
      <marc:subfield code="a">HOCHMAIR PHILIPP</marc:subfield>
   </marc:datafield>
   <marc:datafield ind1=" " ind2=" " tag="653">
      <marc:subfield code="a">TURTUR LUKAS</marc:subfield>
   </marc:datafield>
   <marc:datafield ind1="0" ind2="0" tag="245">
      <marc:subfield code="a">Kater</marc:subfield>
   </marc:datafield>
   <marc:datafield ind1="0" ind2="0" tag="245">
      <marc:subfield code="c">Regie und Drehbuch: Händl Klaus</marc:subfield>
   </marc:datafield>
   <marc:datafield ind1=" " ind2="1" tag="264">
      <marc:subfield code="a">Wien</marc:subfield>
      <marc:subfield code="b">Hoanzl</marc:subfield>
      <marc:subfield code="c">2017</marc:subfield>
   </marc:datafield>
   <marc:datafield ind1="1" ind2=" " tag="490">
      <marc:subfield code="a">Der österreichische Film - Edition Der Standard</marc:subfield>
      <marc:subfield code="v">286</marc:subfield>
   </marc:datafield>
   <marc:datafield ind1="1" ind2=" " tag="520">
      <marc:subfield code="a">"Wie viel Glück verträgt ein gemeinsames Leben? Diese Frage mag merkwürdig anmuten - ist doch der Zustand, in dem Stefan und Andreas ihre Tage verbringen, einer, nach dem sich jeder sehnt. Der Hornist und Orchester-Disponent lieben einander, ihren Kater Moses und die Musik. Die Nähe und Zuneigung zueinander ist tief empfunden. Doch eines Tages bricht jäh die Gewalt in dieses bukolische Dasein ein: Sie kommt nicht von außen, sondern von Stefan. Händl Klaus porträtiert in seinem zweiten Film meisterhaft eine große Liebe, die von der Ungewissheit immer fester und unerbittlicher umschlossen wird." Mit: Lukas Turtur, Philipp Hochmair, Toni, Kathi, Thomas Stipsits, Manuel Rubey, Gerald Votava, Gabriela Hegedüs, Benedikt Leitner u.v.m. (Quelle: www.hoanzl.at / Filmrezension.de)</marc:subfield>
   </marc:datafield>
   <marc:datafield ind1=" " ind2=" " tag="020">
      <marc:subfield code="a">9006472032670</marc:subfield>
      <marc:subfield code="9">9006472032670</marc:subfield>
   </marc:datafield>
   <marc:datafield ind1=" " ind2=" " tag="041">
      <marc:subfield code="a">ger</marc:subfield>
   </marc:datafield>
   <marc:datafield ind1=" " ind2=" " tag="300">
      <marc:subfield code="e">Deleted Scenes, Homestory (8 Minuten), Setfotos, Audiodeskription</marc:subfield>
   </marc:datafield>
   <marc:datafield ind1=" " ind2=" " tag="300">
      <marc:subfield code="a">1 DVD (Laufzeit: 118 Minuten)</marc:subfield>
   </marc:datafield>
</marc:record>
